000 00917nam a2200289 i 4500
003 DO-SdBNP
005 20230505095703.0
007 ta
008 190424s1999 dr aa 000 spa d
020 _a9504342361
040 _aDO-SdBNP
_bspa
_cBNPHU
_erda
082 _222
_bB928
110 _983323
245 0 _aBuenos Aires :
_bSan Telmo 1580-1970, inventario de patrimonio urbano /
_cLiliana Asian, Irene Joselevich, y otros
264 _aSantiago de Chile :
_bICI,
_c1999
300 _a107 paginas :
_bilustraciones ;
_c25 cm
336 _2rdacontent
_atexto
_btxt
337 _2rdamedia
_asin mediación
_bn
338 _2rdacarrier
_avolumen
_bnc
590 _aInventariado, 2023 / DG
700 _aJoselevich, Irene
_eautora
_983326
700 _aNovoa, Graciela
_eautora
_983327
700 _aSalegh, Diana
_eautora
_983328
700 _aSantaló, Alicia
_eautora
_983329
910 _aDG
942 _2ddc
_cLBS1
999 _c53424
_d53424